[Event "European Blitz 2017"]
[Site "Katowice POL"]
[Date "2017.12.15"]
[Round "22.97"]
[White "Reza, Wojciech"]
[Black "Lehtioksa, Jorma"]
[Result "1-0"]
[WhiteElo "2283"]
[BlackElo "2173"]
[WhiteFideId "1151967"]
[BlackFideId "502200"]
[EventDate "2017.12.15"]
[EventType "blitz"]

1. e4 c5 2. Nf3 d6 3. Bb5+ Bd7 4. Bxd7+ Qxd7 5. c4 Nc6 6. d4 cxd4 7. Nxd4 g6 8.
Nc3 Bg7 9. Nde2 Nf6 10. O-O O-O 11. f3 Rfc8 12. b3 a6 13. a4 a5 14. Be3 Nb4 15.
Qd2 Ne8 16. Rad1 Qc7 17. Nb5 Qb8 18. Nec3 Nc7 19. Nxc7 Qxc7 20. Nb5 Qb8 21. f4
Na6 22. f5 Nc5 23. Bxc5 Rxc5 24. Kh1 b6 25. Qf2 Qe8 26. Rd5 Rac8 27. Rfd1 Bf6
28. fxg6 hxg6 29. Nxd6 exd6 30. Qxf6 Qxe4 31. Rxd6 Rf8 32. Qd4 Qxd4 33. R1xd4
Re8 34. Rd8 Re5 35. Rxe8+ Rxe8 36. Rd1 Re2 37. Kg1 Re3 38. Rb1 Kf8 39. Kf2 Rc3
40. Rb2 Ke7 41. Ke2 Rc1 42. Kd2 Rh1 43. h3 Kd6 44. Ke3 Kc5 45. Rd2 Re1+ 46. Kf2
Re6 47. Rd5+ Kb4 48. Rb5+ Kc3 49. Kf3 Rf6+ 50. Kg4 Rd6 51. Kg5 Rc6 52. Kh6 Rd6
53. g4 f5 54. gxf5 gxf5+ 55. Kg5 f4 56. Kxf4 Kd4 57. h4 Rf6+ 58. Kg5 Rf1 59. h5
Rg1+ 60. Kh6 Kc3 61. Kh7 Kd4 62. h6 Kc3 63. Rxb6 Kb2 64. Rb5 Ka3 65. c5 Ka2 66.
c6 1-0

[Event "European Blitz 2017"]
[Site "Katowice POL"]
[Date "2017.12.15"]
[Round "22.98"]
[White "Smieszek, Wojciech"]
[Black "Ondrus, Martin"]
[Result "1-0"]
[WhiteElo "2185"]
[BlackElo "2261"]
[WhiteFideId "1156047"]
[BlackFideId "14913330"]
[EventDate "2017.12.15"]
[EventType "blitz"]

1. e4 c5 2. Nf3 d6 3. d4 cxd4 4. Nxd4 Nf6 5. Nc3 a6 6. Nb3 e6 7. g4 h6 8. h4 Nc6
9. Rg1 Nd7 10. g5 hxg5 11. hxg5 g6 12. Be3 Qc7 13. Qd2 Nce5 14. O-O-O Nf3 15.
Qe2 Nxg1 16. Qg4 Ne5 17. Qxg1 Bd7 18. f4 Nc4 19. Bd4 Rh7 20. Bf6 Be7 21. Bxe7
Kxe7 22. Qd4 Rc8 23. Qf6+ Ke8 24. f5 Qd8 25. Qd4 e5 26. Qd5 Qxg5+ 27. Kb1 Ne3
28. Qd2 Rh5 29. Qxd6 Nxd1 30. f6 Qxf6 31. Qxf6 Ne3 32. Nd5 Nxd5 33. exd5 Bf5 34.
d6 Kd7 35. Qe7+ Kc6 36. Bg2+ e4 37. Bxe4+ Bxe4 38. Qxe4+ Kxd6 39. a3 f5 40. Qxb7
Rhh8 41. Qxa6+ Ke5 42. Qxg6 f4 43. Nd2 Rhf8 44. Qe4+ Kd6 45. Nf3 Rce8 46. Qd4+
Kc6 47. c4 Re3 48. Qd5+ Kc7 49. Qc5+ Kb7 50. Qxf8 1-0

[Event "European Blitz 2017"]
[Site "Katowice POL"]
[Date "2017.12.15"]
[Round "22.99"]
[White "Sotsky, Alexander"]
[Black "Strejczek, Dariusz"]
[Result "1-0"]
[WhiteTitle "IM"]
[WhiteElo "2333"]
[BlackElo "2149"]
[WhiteFideId "4130715"]
[BlackFideId "1122142"]
[EventDate "2017.12.15"]
[EventType "blitz"]

1. d4 Nf6 2. c3 g6 3. Bg5 Bg7 4. e3 d6 5. f4 Ne4 6. Bh4 h6 7. Bd3 d5 8. Nd2 f5
9. Ngf3 Bf6 10. O-O e6 11. Bxf6 Qxf6 12. Bxe4 fxe4 13. Ne5 Nd7 14. c4 c6 15. Qb3
Nxe5 16. fxe5 Qg5 17. Rf4 Rf8 18. Raf1 Rf5 19. g3 b6 20. Kg2 Bd7 21. cxd5 cxd5
22. Qa3 Qe7 23. Qa6 Qb4 24. R1f2 Qb5 25. Qa3 Qa4 26. Qd6 Qc6 27. Qa3 Qa4 28.
Qxa4 Bxa4 29. Nb1 Bb5 30. Nc3 Bd3 31. g4 Rxf4 32. Rxf4 Ke7 33. Rf6 Rg8 34. Nd1
Be2 35. Nc3 Bxg4 36. Nb5 a6 37. Nd6 Rg7 38. Nc8+ Kd7 39. Nxb6+ Kc6 40. Na4 Kb5
41. Nc5 Kc4 42. Kf2 Bf5 43. Ke1 Re7 44. Kd2 Kb5 45. Rf8 Kb6 46. Rb8+ Ka7 47. Rd8
g5 48. Rh8 g4 49. Rxh6 Kb6 50. Kc3 Kc7 51. Nxa6+ Kc6 52. Nc5 Re8 53. b4 Ra8 54.
a4 Rc8 55. b5+ Kb6 56. Kb4 Re8 57. Rf6 Re7 58. a5+ Kc7 59. Rf8 Rh7 60. b6+ Kc6
61. Rc8+ 1-0

[Event "European Blitz 2017"]
[Site "Katowice POL"]
[Date "2017.12.15"]
[Round "22.100"]
[White "Lavendelis, Egons"]
[Black "Olsen, Filip Boe"]
[Result "1-0"]
[WhiteTitle "FM"]
[BlackTitle "FM"]
[WhiteElo "2278"]
[BlackElo "2294"]
[WhiteFideId "11601647"]
[BlackFideId "1440640"]
[EventDate "2017.12.15"]
[EventType "blitz"]

1. e4 c6 2. d4 d5 3. Nc3 dxe4 4. Nxe4 Bf5 5. Nc5 e5 6. Nxb7 Qb6 7. Nc5 exd4 8.
Nd3 Nf6 9. Nf3 Nbd7 10. Be2 Bd6 11. O-O O-O 12. Nd2 Qc7 13. g3 c5 14. Nc4 Be7
15. Bf4 Qd8 16. Bf3 Be4 17. Re1 Bxf3 18. Qxf3 Nb6 19. Nce5 Bd6 20. b3 Qc7 21. a4
Nbd5 22. Bd2 Rfe8 23. Nc4 Bf8 24. Nf4 Nb6 25. Qd3 Nxc4 26. Qxc4 Ne4 27. Qd3 Nxd2
28. Qxd2 g6 29. Qd3 Bg7 30. Rad1 Qd6 31. Qc4 Re7 32. Nd3 Bf8 33. Rxe7 Bxe7 34.
Re1 Rc8 35. Re5 Bf8 36. f4 Qb6 37. Re4 Rd8 38. Re5 Rc8 39. Re2 Qa5 40. Ne5 Qc7
41. Ng4 h5 42. Nf6+ Kh8 43. Ne4 Kg8 44. Ng5 Bd6 45. Qd5 Rf8 46. Ne4 Be7 47. Nf2
Bd6 48. Nd3 Rd8 49. Qc4 Bf8 50. Ne5 Kg7 51. b4 Rc8 52. b5 Bd6 53. Nc6 Rf8 54. c3
dxc3 55. Qxc3+ Kg8 56. Qf6 a6 57. Rd2 axb5 58. Qxd6 Qxd6 59. Rxd6 bxa4 60. Rd5
a3 61. Rxc5 Ra8 62. Rc1 a2 63. Ra1 Ra6 64. Nb4 Ra4 65. Nxa2 Kg7 66. Kf2 Kf6 67.
Ke2 Kf5 68. h3 Kf6 69. Kd3 Kf5 70. Kc2 h4 71. Kb3 Ra8 72. gxh4 Kxf4 73. Rg1 Rh8
74. Rg4+ Kf3 75. Nb4 f5 76. Rxg6 Rxh4 77. Nd5 Rxh3 78. Kc4 Ke4 79. Re6+ Kf3 80.
Kd4 Rh4+ 81. Kd3 Ra4 82. Rh6 Ra3+ 83. Kd4 Ra4+ 84. Ke5 Ra5 85. Rf6 Ke2 86. Rxf5
Ra4 87. Rh5 Kd2 88. Rh2+ Kd3 89. Rh3+ Kd2 90. Nb6 Rb4 91. Nd7 Rb5+ 92. Kd4 Rb4+
93. Kd5 Rg4 94. Ne5 Rg5 95. Kd4 Kc2 96. Rc3+ Kb2 97. Nd3+ Ka2 98. Rc8 Rg4+ 99.
Kc3 Ra4 100. Rh8 Ra7 101. Nb4+ Ka3 102. Nc2+ Ka2 103. Ne3 Rc7+ 104. Nc4 Kb1 105.
Rh2 Rg7 106. Ne5 Rg3+ 107. Nd3 Rf3 108. Rb2+ Ka1 109. Rb5 Rh3 110. Kd2 Rh2+ 111.
Ke3 Rh3+ 112. Ke2 Rh2+ 113. Nf2 Rh8 114. Kd2 Rd8+ 115. Nd3 Rc8 116. Nc5 Ka2 117.
Kc2 Ka3 118. Rb3+ Ka2 119. Rc3 Rh8 120. Rc4 Rh2+ 121. Kc3 Rh3+ 122. Nd3 Kb1 123.
Rb4+ Ka2 124. Rb8 Rg3 125. Rb7 Rh3 126. Rb2+ Ka1 127. Rd2 Rg3 128. Kb3 Rg1 129.
Nf4 Rg3+ 130. Kc2 Ka2 131. Ne2 Rh3 132. Rd4 Ka3 133. Re4 Rh2 134. Kd2 Rh3 135.
Nc3 Kb3 136. Nd5 Rh2+ 137. Kd3 Rh3+ 138. Ne3 Rg3 139. Re8 Rh3 140. Rb8+ Ka3 141.
Kd2 Rh2+ 142. Kc3 Ka4 143. Nf5 Rh3+ 144. Kc4 Rf3 145. Ra8# 1-0